01016 2200325 4500001002100000005001500021035002000036007000300056008004100059020002200100040002200122082001500144084001700159090002100176090002200197100003900219245010400258250003000362300005800392650002300450850001200473990002200485504003300507264003200540336002100572337003000593338002300623999002200646990002200668INLIS00000000085700120210301105253 a0010-0321000024ta210301s2020 yoia gr 0 ind d a978-623-02-0983-3 aYOPDYOGbinderda04223a371.33 a371.33 SUB b aDEP 371.33 SUB b aCB-D.11 2020-05460 aSubhan Adi Santosod1984-epenulis10aBuku ajar media pembelajaran Pendidikan Agama Islam era industri 4.0 /cpenulis, Subhan Adi Santoso aCetakan pertama: Mei 2020 axii, 182 halaman :bilustrasi, gambar, tabel ;c23 cm 4aMedia pembelajaran aYOPDYOG aCB-D.11/2020-0546 aBibliografi: halaman 175-18131aSleman :bDeepublish,c2020 2rdacontentateks 2rdamediaatanpa perantara 2rdacarrieravolume aCB-D.11/2020-0546 aCB-D.11/2020-0546